000
00332 a2200157 4500
001
48464
020
_a
9788555430961
040
_c
Anchieta - Bela Vista
100
_a
Kunnas, Mauri
240
1
0
_a
Robin Hood
_l
por
245
1
0
_a
Robin Hood
300
_a
47
362
0
_a
2017
650
4
_a
Literatura infanto-juvenil
942
_c
BK
999
_c
48464
_d
48464